=LDR 00000nam 2200000 4500 =001 INLIS000000000005015 =005 20130612093253 =008 ***********************************Ing** =035 ##$$0010-061300000005015 =041 ##$$a Ing =082 ##$$a 428 =090 ##$$a 428, Sur e =100 ##$$a SURYANA, Deddy =245 ##$$a English for sports and healths education, oleh Deddy Suryana =260 ##$$a 1996 $b Bandung =300 ##$$a vii, 78 hlm., 21 cm =650 ##$$a Bahasa Inggris - Bahasa Olahraga =850 ##$$a NBPNMAT